¿Yo y mi gato? /
Cierta noche una anciana con un sombrero puntiagudo entra por la ventana de la recámara de Nicolás. Agita su escoba, escupe algunas palabras y se va tan intempestivamente como llegó. En el momento es perturbador, pero no tanto como lo que sucede al día siguiente.
Guardado en:
| Autor Principal: | |
|---|---|
| Formato: | Libro |
| Publicado: |
Buenos Aires :
Fondo de Cultura Económica,
2013
|
| Edición: | 2a. reimp. |
| Series: | Didáctica
|
| Materias: | |
| Etiquetas: |
Agregar Etiqueta
Sin Etiquetas, Sea el primero en etiquetar este registro!
|
| LEADER | 01145nam a22002655a 4500 | ||
|---|---|---|---|
| 001 | CEM.cems015028 | ||
| 008 | 130507s2013##################000#0#####d | ||
| 005 | 20240311143317.0 | ||
| 245 | 1 | 0 | |a ¿Yo y mi gato? / |c Kitamura Satoshi. |
| 250 | |a 2a. reimp. | ||
| 260 | |a Buenos Aires : |b Fondo de Cultura Económica, |c 2013 | ||
| 300 | |a 36 p. | ||
| 490 | 0 | |a Didáctica | |
| 500 | |a Traducido por Maia Miret | ||
| 520 | |a Cierta noche una anciana con un sombrero puntiagudo entra por la ventana de la recámara de Nicolás. Agita su escoba, escupe algunas palabras y se va tan intempestivamente como llegó. En el momento es perturbador, pero no tanto como lo que sucede al día siguiente. | ||
| 020 | |a 9789505578849 | ||
| 100 | 1 | |a Satoshi, Kitamura | |
| 082 | 0 | 4 | |a 895.6 |
| 653 | |a Literatura | ||
| 653 | |a Literatura infantil | ||
| 653 | |a Literatura japonesa | ||
| 653 | |a Colección ciencias de la educación | ||
| 859 | |a CEMS |b BIB. CEMS - Inicial y Primaria |h 895.6 |i Sa834 |k IP |p 3963 |t Ej.1 | ||
| 859 | |a CEMS |b BIB. CEMS - Ccias. Educacion |h 895.6 |i Sa834 |k CE |p 27937.19 |t Ej.1 | ||
| 859 | |a CEMS |b BIB. CEMS - Inicial y Primaria |h 895.6 |i Sa834 |k IP |p 4149 |t Ej.2 | ||
